000 02667cam a22011534i 4500
003 PE-LiUPU
005 20250813185710.0
008 171206s2015 ck rb 000 0 spa d
020 _a9789972045967
040 _aPE-LiUPU
_bspa
_cPE-LiUPU
_erda
_dPE-LiUPU
049 _aPRUA
082 0 4 _a301.72
_bO77e
_223
100 1 _aLavado, Lucas,
_eautor.
_94202
245 1 0 _aMétodos de investigación en las ciencias sociales :
_bCinco propuestas /
_cAlexander Ortiz Ocaña.
250 _aPrimera edición.
264 1 _aLima :
_bGrigley,
_c2018.
300 _a268 páginas ;
_c21 centímetros.
336 _atext
_2rdacontent
337 _aunmediated
_2rdamedia
338 _avolume
_2rdacarrier
504 _aBibliografía : página 268.
505 0 _aCiencia, tecnología y humanidades -- Epistemología y metodología -- Leer, pensar, escribir -- Diseñar y formular un proyecto -- Interdisciplina y multidisciplina.
526 _aP202
526 _aP201
526 _aP163
526 _aP162
526 _aP161
526 _aP160
526 _aP148
526 _aP147
526 _aP146
526 _aP145
526 _aP144
526 _aP143
526 _aP142
526 _aP141
526 _aP140
526 _aP139
526 _aP138
526 _aP137
526 _aP136
526 _aP135
526 _aP134
526 _aP133
526 _aP129
526 _aP128
526 _aP127
526 _aP120
526 _aP119
526 _aP118
526 _aP116
526 _aP115
526 _aP114
526 _aP110
526 _aP109
526 _aP108
526 _aP104
526 _aP103
526 _aP102
526 _aP99
526 _aP98
526 _aP97
526 _aP96
526 _aP95
526 _aP93
526 _aP90
526 _aP89
526 _aP88
526 _aP83
526 _aP82
526 _aP62
526 _aP59
526 _aP58
526 _aP57
526 _aP51
526 _aP49
526 _aP48
526 _aP47
526 _aP29
526 _aP24
526 _aP20
526 _aP19
526 _aP17
526 _aP15
526 _aP14
526 _aP12
526 _aP10
526 _aP09
526 _aP08
526 _aP07
526 _aP06
526 _aP05
526 _aP04
526 _aP01
650 1 4 _aMetodología en ciencias sociales
_94203
942 _2ddc
_cBK
999 _c62491
_d62490
980 _618226
_aJaime Vilcazán Jefe de Análisis Documental
_81
_gALBERTO SANCHEZ Responsable de Automatización